000 00613nam a2200193Ia 4500
003 GCL
008 140319s9999 xx 000 0 ara d
020 _a7356121977
040 _aGCL /
_cGCL
082 0 4 _a813.03
_bح ع
100 1 _aحسن البندارى
245 1 0 _aالعائد بالحب :
_bرواية /
_cحسن البندارى
250 _aالاولى
260 _aالقاهرة :
_bدار الابداع للصحافة والنشر والتوزيع ،
_c2006
300 _a178 ص ؛
_c20 سم
650 0 4 _aالادب العربى
650 0 4 _aالقصص العربية
942 _2ddc
_cBK
999 _c9071
_d9071